LEADER 00728nam0-2200265 --450 001 9910319558303321 005 20190523170432.0 010 $a9780199660216 100 $a20190523d2018----kmuy0itay5050 ba 101 0 $aeng 102 $aGB 105 $a 001yy 200 1 $aRomance verb$emorphomic structure and diachrony$fMartin Maiden 210 $aOxford$cOxford University press$d2018 215 $aIX, 358 p.$d26 cm 225 1 $aOxford linguistics 676 $a440.0456 700 1$aMaiden,$bMartin$0164178 801 0$aIT$bUNINA$gREICAT$2UNIMARC 901 $aBK 912 $a9910319558303321 952 $a440.045 MAI 1$bBibl 2019$fFLFBC 959 $aFLFBC 996 $aRomance verb$91537451 997 $aUNINA LEADER 02485nam0 22005293i 450 001 RML0128430 005 20251003044341.0 010 $a8815094326 010 $a9788815094322 100 $a20030625d2003 ||||0itac50 ba 101 | $aita 102 $ait 181 1$6z01$ai $bxxxe 182 1$6z01$an 183 1$6z01$anc$2RDAcarrier 200 1 $aGlobalismo e antiglobalismo$fDavid Held, Anthony McGrew 205 $a[Nuova ed. aggiornata e ampliata] 210 $aBologna$cIl mulino$d2003 215 $a165 p.$d21 cm 225 | $aUniversale paperbacks Il mulino$v405 300 $aBibliogr.: p. 139-160 410 0$1001CFI0000033$12001 $aUniversale paperbacks Il mulino$v405 500 10$aGlobalization/anti-globalization.$3RML0128439$9CFIV107651$915325 606 $aRelazioni internazionali$2FIR$3CFIC008321$9E 676 $a303.482$9CAUSE DEL CAMBIAMENTO SOCIALE. RELAZIONI TRA CULTURE$v23 676 $a306.3$9Cultura e istituzioni. Istituzioni economiche$v14 676 $a306.3$9ISTITUZIONI ECONOMICHE$v19 676 $a306.3$9ISTITUZIONI ECONOMICHE$v20 676 $a306.3$9ISTITUZIONI ECONOMICHE$v21 676 $a327$9RELAZIONI INTERNAZIONALI$v21 686 $aX09.0$cSCIENZE ECONOMICO-SOCIALI$2R 686 $aX37.0$cMERCATO GLOBALE$2R 696 $aRapporti internazionali 699 $aRelazioni internazionali$yRapporti internazionali 700 1$aHeld$b, David$3CFIV107651$4070$089649 701 1$aMcGrew$b, Anthony G.$3MILV074965$4070$089650 790 1$aMcGrew$b, Anthony$3CFIV253408$zMcGrew, Anthony G. 790 1$aMacGrew$b, Anthony$3CFIV256995$zMcGrew, Anthony G. 801 3$aIT$bIT-000000$c20030625 850 $aIT-BN0095 $aIT-AV0007 901 $bNAP AV$cSEZ. M 3 $n$ 901 $bNAP 01$cPOZZO LIB.$nVi sono collocati fondi di economia, periodici di ingegneria e scienze, periodici di economia e statistica e altri fondi comprendenti documenti di economia pervenuti in dono. 912 $aRML0128430 950 0$aBiblioteca Centralizzata di Ateneo$c1 v. in due copie$d 01POZZO LIB.ECON MON 3963$e 0101 0000201675E VMA (bis 1 v. (Precedente collocazione: DASES A 221)$fB $h20091015$i20091015$c1 v. in due copie$d 01POZZO LIB.ECON MON 3963$e 01C 0080027365E VMA 1 v. precedente collocazione DP (EC) 2736$fB $h20130220$i20130220 977 $a 01$a AV 996 $aGlobalization$915325 997 $aUNISANNIO